000 00554nam a2200217 a 4500
999 _c4032
_d4032
001 4032
003 BD-JhCC
005 20171122091057.0
008 171122s19521958e |||| |||a 000 0 eng d
035 _a(BD-JhCC)4032
040 _aBD-JhCC
_dBD-JhCC
041 _aeng
082 _a833.914
_bCAR 1958
100 _aCarruthers, Janet
245 _aThe Forest is my Kingdom /
_cJanetCarruthers,
260 _aLondon :
_bOxford University Press,
_c1958
300 _a231 p. :
_c20 cm.
650 _aEnglish Stories
942 _2ddc
_cBK